|
|
|
|
| LEADER |
00000cam a22000004a 4500 |
| 001 |
musev2_9316 |
| 003 |
MdBmJHUP |
| 005 |
20230905041048.0 |
| 006 |
m o d |
| 007 |
cr||||||||nn|n |
| 008 |
960131s1996 utu o 00 0 eng d |
| 010 |
|
|
|z 96004509
|
| 020 |
|
|
|a 9780874213027
|
| 020 |
|
|
|z 9780874215526
|
| 020 |
|
|
|z 9780874212075
|
| 035 |
|
|
|a (OCoLC)42856534
|
| 040 |
|
|
|a MdBmJHUP
|c MdBmJHUP
|
| 043 |
|
|
|a n-us-ia
|a n-uss--
|
| 050 |
0 |
4 |
|a F627.M66
|b R53 1996
|
| 082 |
0 |
|
|a 978/.02/092
|a B
|2 20
|
| 100 |
1 |
|
|a Richards, Mary Haskin Parker,
|d 1823-1860.
|
| 245 |
1 |
0 |
|a Winter Quarters /
|c edited by Maurine Carr Ward.
|
| 264 |
|
1 |
|a Logan, Utah :
|b Utah State University Press,
|c 1996.
|
| 264 |
|
3 |
|a Baltimore, Md. :
|b Project MUSE,
|c 2012
|
| 264 |
|
4 |
|c ©1996.
|
| 300 |
|
|
|a 1 online resource (352 pages):
|b ill., maps ;
|
| 336 |
|
|
|a text
|b txt
|2 rdacontent
|
| 337 |
|
|
|a computer
|b c
|2 rdamedia
|
| 338 |
|
|
|a online resource
|b cr
|2 rdacarrier
|
| 504 |
|
|
|a Includes bibliographical references (p. 313-319) and index.
|
| 506 |
0 |
|
|a Open Access
|f Unrestricted online access
|2 star
|
| 588 |
|
|
|a Description based on print version record.
|
| 600 |
1 |
0 |
|a Richards, Mary Haskin Parker,
|d 1823-1860.
|
| 650 |
|
0 |
|a Mormon pioneers
|z Missouri River Valley
|x Biography.
|
| 650 |
|
0 |
|a Pioneers
|z Missouri River Valley
|x Biography.
|
| 650 |
|
0 |
|a Mormon women
|z Missouri River Valley
|x Biography.
|
| 650 |
|
0 |
|a Women pioneers
|z Missouri River Valley
|x Biography.
|
| 651 |
|
0 |
|a Missouri River Valley
|x Biography.
|
| 655 |
|
7 |
|a Electronic books.
|2 local
|
| 700 |
1 |
|
|a Ward, Maurine Carr, 1939-
|
| 710 |
2 |
|
|a Project Muse.
|e distributor
|
| 830 |
|
0 |
|a Book collections on Project MUSE.
|
| 856 |
4 |
0 |
|z Texto completo
|u https://projectmuse.uam.elogim.com/book/9316/
|
| 945 |
|
|
|a Project MUSE - Archive Complete Foundation
|
| 945 |
|
|
|a Project MUSE - Archive US Regional Studies, West Foundation
|